Air Force Law Review

Detalles Bibliográficos
Formato: eBook
Lenguaje:inglés
Publicado: Washington D. C.: U.S. Air Force Academy, Department of Law, 2018 -
Materias:
Acceso en línea:Acceso restringido

MARC

LEADER 00000nam a22000007a 4500
005 20191024235118.0
007 cr|||| ||||
008 191024c20189999us zn|w s|||| 0|||b1eng d
022 |a 0094-8381 
035 |a 23887 
040 |a vLex 
090 |c 9968  |d 9968 
245 0 0 |a Air Force Law Review  |h [Recurso electrn̤ico] / 
256 |a Servicio en ln̕ea 
260 |a Washington D. C.:  |b U.S. Air Force Academy, Department of Law,  |c 2018 - 
300 |a 1 recurso electrn̤ico 
310 |a Irregular 
506 1 |a Disponible solo en los productos indicados  |d vLex Global  |d vLex Global (Academic Edition, excluding Law Schools)  |d vLex Global (Academic Edition, Law Schools) 
650 0 4 |a Derecho Pb︢lico y Administrativo  |z Estados Unidos 
740 0 |a vLex Revistas (Servicio en ln̕ea) 
856 4 0 |u http://vlex.com/source/23887  |z Acceso restringido 
942 |c REV 
999 0 |a Public and Administrative Law